00551cam a2200181 a 450000100100000000500170001000800410002702000150006804000180008308200190010110000340012024500390015426000770019330000200027065000250029065000270031571000270034200000491620200929151532.0990203s1998 ec 000 p spa  a9978620931 aDO-SdBNPcDLC aE861.64bG751n1 aGranda Luna, Mayarí,d1977-10aNoctivago /cMayarí Granda Luna. aEcuador :bCasa de la Cultura Ecuatoriana "Benjamín Carrión",c1998. a68 p. ;c21 cm. 4aPoesía ecuatoriana 4aLiteratura ecuatoriana1 aCarrión, Benjamín.